<The> CGE Models parameters estimations techniques
Kalibrácia, ekonometrický prístup, prístup maximálnej entropie a Bayesiánsky cross-entropy prístup. Výhody a nevýhody týchto metód. CGE modely umožňujúce narábanie aj s obmedzenými a neúplnými dátami.
Salvato in:
| Autore principale: | |
|---|---|
| Natura: | Capitolo di libro |
| Lingua: | inglese |
| Soggetti: | |
| Tags: |
Nessun Tag, puoi essere il primo ad aggiungerne!!
|
MARC
| LEADER | 00000naa a2200000 4500 | ||
|---|---|---|---|
| 001 | 0214554 | ||
| 005 | 20230918100250.9 | ||
| 041 | 0 | |a eng | |
| 044 | |a SK | ||
| 245 | 1 | 0 | |a <The> CGE Models parameters estimations techniques |c Veronika Miťková |
| 520 | |a Kalibrácia, ekonometrický prístup, prístup maximálnej entropie a Bayesiánsky cross-entropy prístup. Výhody a nevýhody týchto metód. CGE modely umožňujúce narábanie aj s obmedzenými a neúplnými dátami. | ||
| 610 | 2 | 0 | |a model vypočítateľnej všeobecnej rovnováhy |
| 610 | 2 | 0 | |a odhady |
| 610 | 2 | 0 | |a ekonometria |
| 100 | 1 | |a Miťková, Veronika | |